[Event "Cannes NAO Masters"]
[Site "Cannes"]
[Date "2002.02.25"]
[Round "4"]
[White "Fressinet, Laurent"]
[Black "Morozevich, Alexander"]
[Result "1-0"]
[WhiteElo "2591"]
[BlackElo "2742"]
[Annotator "Finkel,A"]
[PlyCount "85"]
[EventDate "2002.02.22"]
[EventType "tourn"]
[EventRounds "9"]
[EventCountry "FRA"]
[EventCategory "18"]
[SourceTitle "CBM 088"]
[Source "ChessBase"]
[SourceDate "2002.03.21"]
[SourceVersion "1"]
[SourceVersionDate "2002.03.21"]
[SourceQuality "1"]

1. e4 e6 2. d4 d5 3. Nc3 dxe4 4. Nxe4 Nd7 5. g3 Be7 6. Bg2 Ngf6 7. Nxf6+ Bxf6
8. Nf3 O-O 9. O-O c5 (9... e5 10. Be3 (10. dxe5 Nxe5 11. Nxe5 {1/2-1/2
Storchak,V-Lavrov,A/Prokojevsk 1997/EXT 2001 (11)}) (10. Re1 exd4 11. Nxd4 Nb6
12. Nb5 Bd7 13. Qd3 Re8 14. Bf4 Bxb5 15. Qxb5 c6 16. Qb3 $14 {Shirov,A-Ehlvest,
J/Tallinn 1996/CBM 50 ext}) 10... c6 (10... exd4 11. Bxd4 c5 12. Bxf6 Nxf6 13.
Qxd8 Rxd8 14. Ne5 g6 15. Nd3 Bf5 16. Bxb7 Bxd3 17. cxd3 Rab8 $11 {Ivanov,
A-Christiansen,L/Chandler 1997/CBM 61}) 11. Re1 exd4 12. Bxd4 Bxd4 (12... Nb6
13. Bxf6 Qxf6 14. Qd4 Qxd4 15. Nxd4 Rd8 16. a4 a5 17. Nb3 $14 {Bezgodov,
A-Dokutchaev,A/St Petersburg 1998/EXT 99}) 13. Qxd4 Nf6 14. a4 Qxd4 15. Nxd4
Rd8 16. c3 a5 17. Re5 Nd7 18. Re7 Kf8 $11 {Lutz,C-Van der Sterren,P/Germany
1997/GER-chT}) 10. c3 cxd4 11. Nxd4 {White gets very flexible position with no
danger of losing- perfect one to play for win against Morozevich!} a6 (11...
Qb6 12. Qb3 Bxd4 13. cxd4 Qxb3 14. axb3 Nb6 15. Ra5 Rd8 $11 {Magem Badals,J-De
la Villa Garcia,J/Pamplona 1991/CBM 28}) 12. Be3 Qc7 13. Qe2 Nb6 14. Nf3 Re8
15. Rad1 e5 16. Bg5 $5 $14 {Not a bad move, since white bishop has nothing to
do on e3.} (16. Ng5 Nc4 17. Ne4 Be7 $13) 16... Nd7 17. Rfe1 h6 $2 18. Be3 $6 {
Too solid! After logical} (18. Bxf6 $1 gxf6 (18... Nxf6 19. Nxe5 Ng4 20. Qc4 $1
$18) 19. Nd2 $16 {[%cal Gd2e4,Gd2c4,Gc4d6,Ge4d6] white has pretty serious
advantage.}) 18... Nf8 19. Nd2 Be6 $11 20. a4 Rab8 21. Ra1 $5 {[%cal Ga4a5]}
Be7 22. a5 Nd7 23. Qf3 Red8 24. Ba7 Rbc8 25. Red1 Bc5 26. Bxc5 Nxc5 27. Qe2 Rd7
28. Ne4 Rcd8 $6 {Morozevich is trying too hard, and as it oftenly happens
manages to lose this dead equal position.} (28... Nxe4 29. Bxe4 (29. Qxe4 $2
Qxa5 $3 30. Rxa5 Rxd1+ 31. Bf1 Bh3 32. Qe2 Rxf1+ 33. Qxf1 Bxf1 34. Kxf1 f6 $17)
29... Rcd8 $11) 29. Nxc5 Qxc5 30. Bxb7 $1 Bc4 $1 (30... Rxd1+ $2 31. Rxd1 Rxd1+
32. Qxd1 Qxa5 33. Qe2 $16 Qa1+ $140 34. Kg2 a5 35. Qxe5 Qxb2 $2 36. Qb8+ Kh7
37. Be4+ $18 {[%csl Rb2]}) 31. Qe1 $6 (31. Rxd7 $5 Rxd7 32. Qf3 Rd2 33. b4 Qd6
34. Re1 $14) 31... Qb5 $2 {Insisting on playing with a pawn down!} (31... Rxd1
32. Rxd1 Rxd1 33. Qxd1 Qxa5 $11) 32. Rxd7 Rxd7 33. Be4 $1 $16 {[%csl Gh7]} Bb3
(33... Qxb2 $4 34. Rb1 Qa3 35. Rb8+ $18) 34. Bf3 Rd6 35. Qe2 $6 (35. Qe3 $1)
35... Bc4 $2 {Missing last chance for a draw after} (35... Rd3 36. Re1 (36. Be4
$2 Rxg3+ $1 $19) 36... Bc4 37. b3 Qxb3 $8 (37... Bxb3 38. Be4 Rd6 39. Qxb5 axb5
40. Bb7 $1 $16 {[%cal Ge1a1,Ga5a8]}) 38. Qxe5 g6 $1 (38... Qxc3 $2 39. Qe8+ Kh7
40. Be4+ $18) 39. Qf6 Kh7 $11) 36. Qe4 $1 Bd5 $2 (36... Rd2 $5 37. b4 $16) 37.
Qxe5 $1 $18 Qxb2 38. Rf1 Bxf3 39. Qxd6 Qxc3 40. Qf4 Be2 41. Rc1 Qd3 42. Qb8+
Kh7 43. Qb1 1-0

[Event "Vikings GM 2nd"]
[Site "York"]
[Date "2000.12.15"]
[Round "3"]
[White "Wells, Peter K"]
[Black "Hodgson, Julian M"]
[Result "1-0"]
[WhiteElo "2506"]
[BlackElo "2640"]
[Annotator "Finkel,A"]
[PlyCount "49"]
[EventDate "2000.12.13"]
[EventType "tourn"]
[EventRounds "10"]
[EventCountry "ENG"]
[EventCategory "12"]
[SourceTitle "CBM 081"]
[Source "ChessBase"]
[SourceDate "2001.03.20"]
[SourceVersion "1"]
[SourceVersionDate "2001.03.20"]
[SourceQuality "1"]

{[%mdl 10240]} 1. e4 e6 2. d4 d5 3. Nd2 dxe4 4. Nxe4 Nd7 5. Nf3 Ngf6 6. Nxf6+
Nxf6 7. Bg5 h6 8. Bh4 c5 9. Bc4 {During the last couple of years this strange
move has become the most popular way to meet black's set up.} (9. Bxf6 gxf6 $5
10. Be2 cxd4 11. Nxd4 Bc5 12. Nb3 Qxd1+ 13. Rxd1 Bb6 14. Bf3 Rb8 15. O-O Bd7
$11 {Huebner,R-Rivas Pastor,M/Manila olm 1992 (49)}) (9. c3 cxd4 10. Nxd4 Be7
11. Bb5+ Bd7 12. Qb3 Bxb5 13. Qxb5+ Qd7 14. Qxd7+ Nxd7 15. Bxe7 Kxe7 16. O-O-O
Rhc8 17. Rhe1 $11 {1/2-1/2 Sax,G-Psakhis,L/Manila olm 1992}) (9. Bd3 $5 cxd4
10. Nxd4 Be7 11. O-O O-O 12. c3 Nd5 13. Bg3 Bd6 14. Qe2 a6 15. Rad1 $14 {
Wegener,D-Plesec,D/Budapest FS06 IM 1993/1/2-1/2 (66)}) (9. Be2 Be7 10. O-O O-O
11. c3 Qb6 12. Qc2 Rd8 13. Rfd1 Bd7 14. a4 Rac8 $132 {Mirumian,V-Zifroni,D/
EUchJM-U18 1994 (42)}) (9. dxc5 Qa5+ (9... Qxd1+ 10. Rxd1 Bxc5 11. Be2 Ke7 12.
Ne5 g5 13. Bg3 Ne4 14. Bh5 Rf8 15. Bf3 $14 {Vallejo Pons,F-Kaminski,M/
WchJM-U18 1995 (42)}) 10. c3 (10. Qd2 Qxd2+ 11. Nxd2 Bxc5 12. O-O-O Bd7 13.
Bxf6 gxf6 14. Ne4 Be7 15. Nd6+ Bxd6 16. Rxd6 Ke7 17. Rd2 Bc6 18. Rg1 Rhg8 19.
g3 f5 20. Bg2 Bxg2 21. Rxg2 h5 22. Rg1 Rad8 23. Rxd8 Kxd8 24. Kd2 Ke7 25. Ke3
Rd8 26. c4 e5 27. Rc1 Rd4 28. Rc3 f4+ 29. gxf4 Rxf4 30. Rb3 {1/2-1/2 Beikert,
G-Zlochevskij,A/BL2-S9596 1996}) 10... Qxc5 11. Qd4 Qxd4 12. Nxd4 g5 13. Bg3
Ne4 $132 {Stisis,Y-Zifroni,D/Rishon le Zion YM-IM 1995 (52)}) 9... cxd4 (9...
a6 10. O-O Be7 11. dxc5 Qxd1 12. Raxd1 Bxc5 13. a4 Ke7 14. Rfe1 Bd7 15. Bb3
Rhd8 $11 {Svidler,P-Gurevich,M/Ordix Open 2000}) (9... Qa5+ 10. c3 Be7 11. Qe2
cxd4 12. Nxd4 Bd7 13. O-O Qh5 14. Qxh5 Nxh5 15. Bxe7 Kxe7 $11 {Kovacevic,
A-Benkovic,P/28th It 1999}) 10. O-O ({Nothing promises} 10. Qxd4 Qxd4 11. Nxd4
a6 12. a4 Bd7 13. f3 Rc8 14. Bb3 Bc5 15. O-O-O Rd8 $11 {Dutreeuw,M-Arkhipov,S/
Miskolc 1990/1/2-1/2 (75)}) 10... Bc5 (10... Be7 11. Qe2 a6 12. Rad1 b5 $6 13.
Bb3 Nd7 $6 14. Qe4 $1 $16 {Morozevich,A-Ulibin,M/Russian Club Cup 1998}) (10...
Bd6 11. Qxd4 g5 $5 12. Bg3 Bxg3 13. Qxd8+ Kxd8 14. fxg3 $1 $14 {[%cal Gf1f7]
Morozevich,A-Zakharevich,I/Russian Club Cup 1998}) 11. Qe2 O-O 12. Rad1 b5 $6 {
Probably this move was based on miscalculation, because after it black has to
be extremly carefull not to lose on the spot.} (12... Qb6 13. Bxf6 gxf6 14.
Nxd4 Qxb2 15. Rd3 $40 {Kling,T-Vuksanovic,S/Erevan olw 1996 (25)}) 13. Bxb5 Qb6
(13... Rb8 14. b4 $5 Qb6 $1 (14... Bxb4 15. Nxd4 (15. Rxd4 Qa5 16. c4 a6 17.
Bxf6 gxf6 18. Bc6 $13) 15... Qd5 16. a4 Bb7 17. Nc6 $16) 15. a4 (15. bxc5 Qxb5
16. Nxd4 Qxe2 17. Nxe2 Ba6 18. Rfe1 Rfc8 $11) 15... Bxb4 16. Bxf6 gxf6 17. Nxd4
$14) 14. Bxf6 gxf6 15. b4 a6 $6 (15... Rb8 $5 16. bxc5 Qxb5 17. Qd2 Kh7 18.
Nxd4 $14) 16. Bd3 Bd6 (16... Qxb4 $4 17. Rb1 $1 (17. Qe4 $2 f5 18. Qxa8 Bb7 19.
Qxf8+ Bxf8 20. Rb1 Qe7 21. Nxd4 $14) 17... Qa5 18. Qe4 $18 {[%cal Ge4h7,Ge4a8]}
) 17. Be4 $1 Rb8 (17... Bb7 18. Bxb7 Qxb7 19. c3 $1 e5 20. cxd4 e4 21. Nd2 f5
22. a3 $16) 18. Nxd4 $1 $16 f5 $6 19. Nc6 $1 $18 {[%cal Gd1d6,Gc6b8] Winning
an exchange in addition to a pawn!} Qc7 20. Nxb8 fxe4 21. Nxa6 Bxh2+ 22. Kh1
Qe5 23. Nc5 Bf4 24. g3 Bg5 25. f4 1-0

[Event "Solin 8th"]
[Site "Solin/Split"]
[Date "2000.12.11"]
[Round "3"]
[White "Zelcic, Robert"]
[Black "Kovacevic, Vlatko"]
[Result "1-0"]
[WhiteElo "2457"]
[BlackElo "2492"]
[Annotator "Finkel,A"]
[PlyCount "41"]
[EventDate "2000.12.09"]
[EventType "tourn"]
[EventRounds "9"]
[EventCountry "CRO"]
[EventCategory "12"]
[SourceTitle "CBM 081"]
[Source "ChessBase"]
[SourceDate "2001.03.20"]
[SourceVersion "1"]
[SourceVersionDate "2001.03.20"]
[SourceQuality "1"]

{[%mdl 2176]} 1. e4 e6 2. d4 d5 3. Nc3 Nc6 4. Nf3 Nf6 5. e5 Ne4 6. Ne2 Bd7 (
6... f6 7. exf6 (7. Ng3 fxe5 (7... f5 8. c3 $1 (8. Nh5 g6 $1) 8... Be7 9. h4 $1
b6 (9... Nxg3 10. fxg3 h5 11. Bg5 b6 12. Be2 a5 13. Bxe7 Qxe7 14. Ng5 g6 15.
O-O $16 {R.Mainka-Meister/BL 9091/1991 (danach gespielt)}) 10. Ne2 $1 Qd7 $6
11. Nfg1 {/\ f3+-} Qd8 12. g3 O-O 13. f3 Nxg3 14. Nxg3 Bxh4 15. Bf4 g5 16. Rxh4
$1 $18 {Mainka,R-Thesing,M/Dortmund-C 1991}) 8. dxe5 Be7 9. c3 Nc5 10. Bb5 O-O
11. Be3 Bd7 12. b4 Ne4 13. Bxc6 bxc6 14. Qc2 c5 15. Nxe4 dxe4 $13 {Ivanovic,
B-Nikolic,Z/JUG-chT2 1993}) 7... Qxf6 8. Ng3 Bd6 9. Bd3 Nxg3 10. hxg3 h6 11.
Bg5 Qf7 12. Qd2 Nb4 13. Be2 Rf8 14. Bf4 $16 {Zuse,K-Dirr,U/BL2-S 1994}) (6...
h5 7. h4 Be7 8. g3 f6 9. Nf4 Kf7 10. Bd3 Qg8 11. c4 Bb4+ 12. Kf1 g5 13. cxd5
Nxf2 14. Kxf2 gxf4 15. gxf4 $16 {Arencibia,W-Contin,D/Andorra op 1995}) 7. c3
f6 8. Ng3 $5 {After this move arises very interesting and original position
which looks quiet unclear.} (8. exf6 Nxf6 9. Bf4 Bd6 10. g3 O-O 11. Bg2 Be8 12.
O-O Bg6 $132 {Hazai,L-Kindermann,S/Texta 1988}) 8... fxe5 (8... Nxg3 9. hxg3
fxe5 10. dxe5 Qe7 11. Bd3 $14) 9. Nxe4 $1 dxe4 10. Nxe5 Nxe5 11. dxe5 {[%csl
Re4]} Bc6 $1 (11... Bc5 $5 12. Bc4 (12. Qe2 $6 Bc6 13. Be3 Bxe3 14. Qxe3 Qd5
15. Qg5 O-O $15 {[%csl Re5]}) 12... O-O 13. O-O Rf5 14. Be3 Rxe5 (14... Bxe3
15. fxe3 Rxf1+ 16. Kxf1 $14) 15. Bxc5 Rxc5 16. Qd4 $14) 12. Qb3 {Without
queens white can't hope for advantage} Qd5 (12... Bd5) 13. Bc4 Qxe5 14. Be3 Bc5
({The most logical move in this position looks} 14... Bd5 {, but also in this
case white may get an advantage} 15. Bxd5 Qxd5 (15... exd5 16. Qxb7 Rd8 17.
Qc6+ Kf7 18. Bxa7 $16) 16. Qa4+ c6 (16... Qc6 17. Qxc6+ bxc6 18. Rd1 Bd6 19.
Rd4 $14) (16... b5 17. Qa6 Qd7 18. Qb7 $14) 17. Rd1 Qf5 18. O-O Be7 19. Rd4 O-O
20. Rd7 $14) 15. Bxe6 Bxe3 16. fxe3 Ke7 (16... Qg5 17. Bf7+ Kf8 18. O-O Qxe3+
19. Kh1 $16) 17. Bh3 Qd5 $6 {Careless move after which black is in serious
troubles} (17... Rhf8 18. O-O-O Rad8 19. Qa3+ Rd6 20. Rxd6 cxd6 21. Qxa7 $16)
18. Qb4+ Qd6 19. Qa5 $1 $16 {[%csl Re7]} Rad8 20. O-O h6 $2 21. Rad1 $1 (21.
Rad1 Qxd1 22. Qe5#) 1-0

[Event "ISR-ch"]
[Site "Tel Aviv"]
[Date "2002.12.02"]
[Round "8"]
[White "Sutovsky, Emil"]
[Black "Shachar, Ehud"]
[Result "1-0"]
[WhiteElo "2657"]
[BlackElo "2374"]
[Annotator "Finkel,A"]
[PlyCount "109"]
[EventDate "2002.11.24"]
[EventType "swiss"]
[EventRounds "9"]
[EventCountry "ISR"]
[SourceTitle "CBM 093"]
[Source "ChessBase"]
[SourceDate "2003.04.01"]
[SourceVersion "1"]
[SourceVersionDate "2003.04.01"]
[SourceQuality "1"]

1. e4 e6 2. d4 d5 3. Nc3 dxe4 4. Nxe4 Nd7 5. Nf3 Ngf6 6. Bd3 Nxe4 7. Bxe4 Nf6
8. Bg5 h6 $6 {As shows the following game 8th move of black is serious
inaccuracy permitting white to get serious opening advantage.} (8... Be7 9.
Bxf6 Bxf6 10. c3 O-O (10... Qe7 11. Qe2 c6 12. O-O O-O 13. Rfe1 Re8 14. Rad1
Bd7 15. Qc2 h6 16. Qe2 Rad8 $13 {Lutzenberger,R-Huber,S/Weiler 1993}) 11. O-O
Qe7 12. Re1 Rd8 13. Qc2 g6 14. Rad1 c6 15. g3 Bd7 16. h4 Be8 17. Kg2 h5 18. Qc1
Rac8 $13 {[%cal Gb7b6,Gc6c5] 1/2-1/2 Hodgson,J-Lee,G/Morecambe 1981/EXT 99 (18)
}) (8... Qd6 9. Bxf6 gxf6 10. O-O f5 11. Bd3 Bg7 12. Qe2 O-O 13. Rad1 c5 14. c3
b6 15. Ba6 Bxa6 16. Qxa6 Rfd8 $11 {Anand,V-Speelman,J/Linares 1991}) (8... c5
$5) 9. Bxf6 Qxf6 10. Qe2 (10. Qd3 $5 c6 11. Ne5 Rb8 12. O-O-O Bd6 13. Kb1 O-O
14. f4 c5 15. g4 cxd4 16. Qxd4 $14 {Carmel,E-Schwartz,A/ISR 1965}) 10... c6 11.
Ne5 Rb8 (11... Bd7 12. O-O Bd6 13. f4 Qe7 14. Qh5 Rf8 15. c3 O-O-O 16. b4 $36 {
[%cal Ga2a4,Gb4b5] Lindemann,S-Cawi,U/Germany 1982}) 12. f4 $1 {Securing the
position of the knight on e5 and preparing pawn storm on the kingside.} Bb4+ (
12... g6 13. Qe3 Bg7 14. O-O-O O-O 15. h4 $16) (12... Qxf4 $2 13. g3 Qg5 14.
O-O {[%csl Rf7]} f5 15. Bxf5 $1 exf5 16. Ng6+ Kf7 17. Nxh8+ Kg8 18. Qe5 Ra8 19.
Qe8 $18) 13. c3 Bd6 14. Qe3 Qe7 15. O-O-O Bd7 16. g4 $16 Kd8 $5 {It's quite
obvious that black can't castle kingside so he brings the king to c7.} (16...
O-O $2 17. g5 hxg5 18. fxg5 $40) 17. c4 Kc7 18. Nd3 $6 {There was nothing
wrong with logical 18.c5} (18. c5 $5 Bxe5 19. dxe5 Rbd8 20. Rd6 g5 21. h4 gxh4
22. Qh3 $16 {and white has serious edge.}) 18... g5 19. c5 Bxf4 20. Nxf4 gxf4
21. Qa3 $5 {Nothing cpecial promised} (21. Qxf4+ e5 (21... Kc8 $5 22. Rhf1 Be8
$14) 22. Qxe5+ (22. Qg3 Rbe8 $14) 22... Qxe5 23. dxe5 Bxg4 (23... Rhe8 $2 24.
Rhf1 Rxe5 25. Rxf7 Rd8 26. Bf5 Rxc5+ 27. Kb1 Rd5 28. Rxd5 cxd5 29. Kc2 Kd6 30.
Bxd7 Rxd7 31. Rxd7+ Kxd7 32. Kd3 $18) 24. Rdf1 Be6 $11) 21... Qh4 22. Qa5+ Kc8
23. Qc3 Rg8 24. Bf3 a6 $6 (24... Qd8 $5) 25. Rd2 Rd8 26. Qd3 $6 Qf6 27. Qe4 Kc7
28. h4 Rg8 29. Re2 (29. Qe5+ Qxe5 30. dxe5 f6 31. Rhd1 Rbd8 32. exf6 Rg6 $11)
29... Rbd8 30. Qe5+ Qxe5 31. dxe5 f6 $1 {Correct move leading to balanced
position.} 32. exf6 Rdf8 33. Rd1 Rxf6 34. Re5 Rg7 (34... Be8 35. Rd6 Bf7 36.
Kd2 Rd8 37. Rxd8 Kxd8 38. g5 hxg5 39. hxg5 Rf5 40. Rxf5 exf5 41. a3 $14) 35.
Kc2 Be8 36. Rd6 Bf7 37. Kc3 Bg8 38. b4 Rd7 39. Rxd7+ Kxd7 40. Kd4 Bh7 41. Re2
Ke7 42. Rf2 Rf8 43. Be4 Rd8+ 44. Ke5 Bg8 $2 {Losing move. Black had nothing to
worry about after} (44... Bxe4 45. Kxe4 Rd1 46. Rxf4 (46. g5 hxg5 47. hxg5 Rd5
$1) 46... Rh1 (46... Ra1 47. g5 hxg5 48. hxg5 Rxa2 49. g6 Rg2 50. Rf7+ Ke8 51.
Rxb7 Rxg6 52. Ke5 $14) 47. g5 hxg5 48. hxg5 Rg1 49. Rh4 Rxg5 50. Rh7+ Kf6 51.
Rxb7 a5 $11 {with a draw.}) 45. Rxf4 $18 Rd1 46. Rf6 Rg1 47. Rg6 Kf7 (47... Bf7
48. Rg7 $1 Kf8 49. Kf6 Rf1+ 50. Bf5 Be8 (50... exf5 51. Rxf7+ Kg8 52. g5 $18)
51. Rh7 Kg8 52. Re7 $18) 48. Rxe6 Rxg4 49. Rxh6 Kg7 50. Rd6 Rxh4 51. Rd7+ Kf8
52. Rd8+ Kg7 53. Rd7+ Kf8 54. a3 Rh5+ 55. Kf6 1-0

[Event "Linares Anibal op 08th"]
[Site "Linares"]
[Date "2001.01.08"]
[Round "1"]
[White "Akopian, Vladimir Eduardovic"]
[Black "Karatorossian, David"]
[Result "1-0"]
[WhiteElo "2656"]
[BlackElo "2405"]
[Annotator "Finkel,A"]
[PlyCount "49"]
[EventDate "2001.01.08"]
[EventType "swiss"]
[EventRounds "11"]
[EventCountry "ESP"]
[SourceTitle "CBM 081"]
[Source "ChessBase"]
[SourceDate "2001.03.20"]
[SourceVersion "1"]
[SourceVersionDate "2001.03.20"]
[SourceQuality "1"]

{[%mdl 18432]} 1. e4 e6 2. d4 d5 3. Nd2 dxe4 4. Nxe4 Bd7 5. Nf3 Bc6 6. Bd3 Nf6
$6 {Black just mixes two different varitions and the arising ''something'' is
definitly not in black's favour. This game is a good example of an advantage
of ''correct'' chess over the ''incorrect chess''.} (6... Nd7) 7. Nxf6+ gxf6 (
7... Qxf6 $2 8. Bg5 Bxf3 9. Qd2 Bxg2 10. Bxf6 Bxh1 11. Be5 $16 {Gelashvili,
T-Patuzzo,F/6th WUCC 2000}) 8. O-O Qd5 $2 {Two inaccuracies in a row is just
too much and Akopian punishes his opponent in nice style.} (8... Nd7 9. c4 Bxf3
10. Qxf3 c6 11. Bf4 Qa5 12. a3 e5 13. Rfe1 O-O-O 14. dxe5 fxe5 15. b4 $16 {
Furhoff,J-Mortensen,J/Politiken Cup 1998}) (8... Bxf3 9. Qxf3 c6 10. d5 $2 Qxd5
11. Be4 Qd8 12. Bf4 Nd7 13. Rad1 Be7 14. Rfe1 Qb6 $15 {Grondin,J-Morin,Y/
Montreal op 1996}) (8... Bd6 9. Re1 Nd7 10. c4 Bxf3 11. Qxf3 c6 12. Bh6 Qc7 13.
Qh5 $1 $16 {Alarcon,R-Morales,D/PER-chJ U20 1996}) 9. c4 $1 Qh5 10. d5 $1 {
[%csl Re8]} exd5 $6 (10... Bd7 11. Qb3 b6 12. Re1 Na6 13. Qc3 Be7 14. Bf4 $16)
11. Re1+ Kd8 (11... Be7 12. Qe2 $18 {[%csl Re7]}) 12. Ng5 $1 $18 {This
spectacular move decides the game in white's favour} Qxd1 13. Nxf7+ Kc8 (13...
Kd7 $2 14. Bf5#) 14. Rxd1 Rg8 15. cxd5 Be8 (15... Bxd5 16. Bf5+ $18 {[%cal
Gd1d5]}) 16. Bf5+ Bd7 (16... Nd7 17. Be6 (17. Bf4 Bxf7 18. Rac1 Kd8 19. Bxc7+
Ke8 20. Re1+ Ne5 21. f4 Bxd5 22. g3 $16) 17... Rg7 18. Nh6 $18) 17. Be6 $1 {
Black is not just a pawn dawn - he is completly tied up without a chance to
counterplay.} Rg7 18. Bf4 Na6 19. Rac1 b6 20. Nh6 Bxe6 21. dxe6 Re7 22. Bd6 $1
Bxh6 (22... Re8 23. Nf5 Nc5 24. e7 Bh6 25. Nxh6 cxd6 26. b4 $18) 23. Bxe7 Bxc1
24. Rd8+ $1 Kb7 25. Rxa8 1-0

[Event "London"]
[Site "London"]
[Date "1997.10.21"]
[Round "6"]
[White "Lalic, Bogdan"]
[Black "Rowson, Jonathan"]
[Result "1/2-1/2"]
[WhiteElo "2600"]
[BlackElo "2490"]
[Annotator "Finkel,A"]
[PlyCount "39"]
[EventDate "1997.10.18"]
[EventType "tourn"]
[EventRounds "9"]
[EventCountry "ENG"]
[EventCategory "10"]
[SourceTitle "CBM 062"]
[Source "ChessBase"]
[SourceDate "1998.01.31"]
[SourceVersion "1"]
[SourceVersionDate "1998.01.31"]
[SourceQuality "1"]

1. d4 e6 2. e4 d5 3. Nc3 dxe4 4. Nxe4 Nd7 5. Nf3 Ngf6 6. Nxf6+ Nxf6 7. Be3 Nd5
$5 (7... Be7 8. Ne5 $5 (8. Bd3 c6 9. Qe2 Qa5+ $6 10. Bd2 Qc7 11. O-O-O Nd5 12.
Ne5 Bf6 13. f4 $1 b5 14. Rhf1 a6 15. Be4 Ra7 16. Rf3 $14 {Prins,L-Guimard,C/
Dubrovnik ol 1950 (36)}) (8. Qd2 O-O (8... Nd5 9. Bg5 $5) 9. O-O-O b6 10. Ne5
Bb7 11. Bb5 $6 Qc8 $1 $13 12. f3 c6 $1 13. Ba4 $6 c5 $2 (13... Nd5 14. c4 Nxe3
15. Qxe3 b5 $1 16. Bc2 bxc4 17. Qe4 f5 18. Qe2 c5 $15) 14. dxc5 $1 bxc5 15. Bg5
Rd8 16. Qa5 $1 $14 {Almasi,Z-Istratescu,A/Budapest zt-plof 1995 (21)}) 8... O-O
9. Bd3 Qd5 10. O-O c5 11. c3 Rd8 12. Qc2 cxd4 13. cxd4 $5 Bd7 $11 {Caminade,
A-Roumegous,E/Paris-ch 1992/1/2-1/2 (47)}) 8. Qd2 Nxe3 9. Qxe3 Bd6 (9... Be7
10. O-O-O O-O 11. Bc4 c6 12. h4 a5 $1 13. Ne5 Qc7 14. Qe4 a4 15. a3 Ra5 16. Ba2
Ra6 $13 {1/2-1/2 Gabriel Christian-Teske Henrik/It (open), Dresden (Germany)
1995}) 10. O-O-O Qe7 11. Bd3 (11. Bb5+ Bd7 12. Bxd7+ Qxd7 13. d5 O-O 14. dxe6
Qxe6 15. Qxe6 fxe6 $11) 11... O-O 12. Qe4 $6 {Inaccuracy after which black
gets good chances to equalize position.Deserved attention} (12. h4 Bd7 13. Qe4
$6 (13. h5 $5 Bc6 $6 (13... c5 $5) 14. Ne5 Bxg2 $2 15. Rhg1 Bd5 (15... Bxe5 $8
16. dxe5 Bc6 17. Qh6 g6 18. hxg6 fxg6 19. Bxg6 $1 $16) 16. Rxg7+ Kxg7 17. Rg1+
Kh8 18. Qh6 $18) 13... g6 14. Qxb7 $2 (14. h5 Bc6 15. Qe3 Bxf3 $11) 14... Bf4+
$1 15. Nd2 (15. Kb1 $6 Rfb8 $1 {[%csl Rb2][%cal Gb8b2,Ge7b4]} 16. Qe4 Rxb2+ 17.
Ka1 Rab8 18. Qxf4 Qb4 $1 $19) 15... Rab8 16. Qe4 Qb4 $1 17. b3 Bxd2+ $1 18.
Rxd2 Qc3 19. Rdd1 Bc6 20. Qe5 Bxg2 21. Rhg1 Bf3 $36) 12... g6 13. h4 (13. c3 $5
c5 (13... c6 $6 14. h4 Bd7 15. h5 f5 16. Qe3 $16) 14. Rhe1 cxd4 15. Nxd4 a6 16.
g3 Rd8 17. f4 Bc5 $132) 13... Bd7 $1 14. h5 (14. Qxb7 $2 {Look at 12.h4}) (14.
Ne5 $5 $14) 14... Bc6 15. Qe3 Bxf3 16. Qxf3 Rfd8 17. hxg6 hxg6 18. Kb1 (18.
Qxb7 $2 Rab8 19. Qf3 (19. Qxa7 Ra8 20. Qb7 Bf4+ 21. Kb1 Rdb8 $19) 19... Rxb2
20. Qh3 (20. Kxb2 $2 Ba3+ 21. Ka1 Qb4 22. Rh8+ Kxh8 23. Qf6+ Kg8 24. Qxd8+ Kg7
$19) 20... Bf4+ $1 21. Kxb2 Qb4+ $19) 18... Kg7 19. Rh3 c6 20. Rdh1 $11 1/2-1/2